000 00575nam a2200205Ia 4500
003 GCL
008 140319s9999 xx 000 0 eng d
040 _aGCL /
_cGCL
082 0 4 _a792.025
_bR D
100 1 _aROSE, RICH
245 1 0 _aDRAWING SCENERY AND FOR THEATER, FILM AND TELEVISION /
_cROSE, RICH
260 _a[S.N] :
_bBETTERWAY BOOKS ،
_c1994
300 _a168 P
650 0 4 _aTHEATER - SCENERY
650 0 4 _aMOTION PICTURES
650 0 4 _aTHEATER - STAGE SETTING
650 0 4 _aTELEVISION - STAGE SETTING
650 0 4 _aDRAWING - TECHNIQUE
942 _2ddc
_cBK
999 _c15795
_d15795